[Event "Sheki op-A"]
[Site "Sheki"]
[Date "2025.06.23"]
[Round "7"]
[White "Allahverdiyeva, Ayan"]
[Black "Ibrahimli, Suat"]
[Result "1-0"]
[WhiteElo "2308"]
[BlackElo "1885"]
[PlyCount "81"]
[EventDate "2025.06.19"]
[EventType "swiss"]
[EventRounds "9"]
[EventCountry "AZE"]
[SourceTitle "CB27_2025"]
[SourceDate "2025.07.02"]
[SourceVersion "1"]
[SourceVersionDate "2025.07.02"]
[SourceQuality "1"]

1. e4 e5 2. Nf3 Nc6 3. Bb5 a6 4. Ba4 Nf6 5. 0-0 d6 6. c3 Bd7 7. Re1 g6 8. d4 Bg7 9. h3 0-0 10. Bc2 Re8 11. a4 h6 12. a5 Nh7 13. Bb3 Qe7 14. Qd3 Kh8 15. Qc4 f5 16. d5 Na7 17. Qxc7 Rec8 18. Qb6 f4 19. Qb4 g5 20. Bd1 h5 21. Nh2 Nf6 22. f3 Rg8 23. c4 g4 24. hxg4 hxg4 25. fxg4 Bh6 26. Ra3 Nxg4 27. Rh3 Kh7 28. Bxg4 Bxg4 29. Nxg4 Rxg4 30. Re2 Rag8 31. Rf2 Rg3 32. Rh2 R8g6 33. Nd2 Kg7 34. Nf3 R3g4 35. b3 Bg5 36. Ba3 Qc7 37. Nxe5 Bh4 38. Nxg4 Rxg4 39. Bb2+ Kg6 40. Qc3 Bxf2+ 41. Kxf2 1-0

[Event "Baku op-A"]
[Site "Baku"]
[Date "2025.05.01"]
[Round "4"]
[White "Allahverdiyeva, Ayan"]
[Black "Ahmad, Khagan"]
[Result "0-1"]
[WhiteElo "2312"]
[BlackElo "2405"]
[PlyCount "122"]
[EventDate "2025.04.28"]
[EventType "swiss"]
[EventRounds "9"]
[EventCountry "AZE"]
[SourceTitle "CB19_2025"]
[SourceDate "2025.05.07"]
[SourceVersion "1"]
[SourceVersionDate "2025.05.07"]
[SourceQuality "1"]

1. e4 c5 2. Nf3 d6 3. d4 cxd4 4. Nxd4 Nf6 5. Nc3 a6 6. h3 e5 7. Nb3 Be7 8. g4 h6 9. Be3 Nbd7 10. a4 Nf8 11. Qd2 Be6 12. 0-0-0 Ng6 13. Nd5 Nxe4 14. Qb4 Bxd5 15. Rxd5 Nf6 16. Qxb7 0-0 17. Ra5 d5 18. Rxa6 Rb8 19. Qc6 d4 20. Bd2 Rc8 21. Qb5 Qc7 22. Na1 e4 23. Kb1 Rfe8 24. g5 hxg5 25. Qxg5 e3 26. fxe3 Ne4 27. Qg2 Nxd2+ 28. Qxd2 dxe3 29. Qxe3 Bf6 30. Qc1 Nf4 31. Bb5 Ne2 32. Bxe2 Rxe2 33. Rxf6 gxf6 34. Qh6 Qb6 35. Qf4 Rg2 36. Rf1 Rg1 37. Nb3 Kg7 38. a5 Rxf1+ 39. Qxf1 Qe3 40. Qg2+ Kf8 41. a6 Qe1+ 42. Nc1 Rc7 43. Qd5 Kg7 44. Qd6 Qa5 45. Qg3+ Kf8 46. Nb3 Qb6 47. Nd4 Rd7 48. Qa3+ Kg8 49. Nb3 Rc7 50. Ka2 f5 51. Nd4 Ra7 52. Qg3+ Kf8 53. Qa3+ Ke8 54. Qa4+ Kf8 55. Kb1 Rxa6 56. Qd7 Ra8 57. c3 f4 58. Nf5 Qe6 59. Qb5 Qe4+ 60. Kc1 Ra1+ 61. Kd2 Qe1+ 0-1

[Event "EU-ch (Women) 25th"]
[Site "Rhodes"]
[Date "2025.04.10"]
[Round "10"]
[White "Fataliyeva, Ulviyya Hasil Qizi"]
[Black "Allahverdiyeva, Ayan"]
[Result "1-0"]
[WhiteElo "2387"]
[BlackElo "2316"]
[PlyCount "63"]
[EventDate "2025.03.31"]
[EventType "swiss"]
[EventRounds "11"]
[EventCountry "GRE"]
[SourceTitle "CB16_2025"]
[SourceDate "2025.04.16"]
[SourceVersion "1"]
[SourceVersionDate "2025.04.16"]
[SourceQuality "1"]

1. Nf3 d5 2. c4 d4 3. b4 c5 4. e3 Nf6 5. bxc5 Nc6 6. exd4 Nxd4 7. Bb2 e5 8. Nxd4 exd4 9. d3 Bxc5 10. Nd2 Ng4 11. Be2 Qh4 12. g3 Qh3 13. Qb3 0-0 14. Ne4 Bb6 15. 0-0-0 Bf5 16. f4 Ne3 17. Ng5 Qh6 18. Rdg1 a5 19. a4 Qd6 20. Bf3 Bc5 21. Be4 Bb4 22. Bxf5 Nxf5 23. Kb1 Ra6 24. Ne4 Qc6 25. c5 b6 26. g4 bxc5 27. gxf5 Rb6 28. Rg2 Rfb8 29. Rhg1 c4 30. Rxg7+ Kh8 31. Bxd4 h5 32. Rxf7+ 1-0

[Event "EU-ch (Women) 25th"]
[Site "Rhodes"]
[Date "2025.04.05"]
[Round "6"]
[White "Khachatryan, Anna"]
[Black "Allahverdiyeva, Ayan"]
[Result "1-0"]
[WhiteElo "2091"]
[BlackElo "2316"]
[PlyCount "52"]
[EventDate "2025.03.31"]
[EventType "swiss"]
[EventRounds "11"]
[EventCountry "GRE"]
[SourceTitle "CB16_2025"]
[SourceDate "2025.04.16"]
[SourceVersion "1"]
[SourceVersionDate "2025.04.16"]
[SourceQuality "1"]

1. d4 Nf6 2. c4 e6 3. Nc3 Bb4 4. Qc2 d6 5. e4 c5 6. dxc5 Bxc5 7. Nf3 Ng4 8. h3 Nxf2 9. Rh2 f5 10. Bg5 Qa5 11. exf5 exf5 12. Bd2 Qd8 13. b4 Qe7+ 14. Be2 Bb6 15. Nd5 Qe4 16. Qc3 0-0 17. Nxb6 Re8 18. Kxf2 Qxe2+ 19. Kg1 axb6 20. Re1 Qxe1+ 21. Bxe1 Rxa2 22. g3 Ra8 23. Qd3 Nc6 24. Re2 Rxe2 25. Qxe2 Bd7 26. Bc3 h6 1-0

[Event "EU-ch (Women) 25th"]
[Site "Rhodes"]
[Date "2025.04.02"]
[Round "3"]
[White "Wagner, Dinara"]
[Black "Allahverdiyeva, Ayan"]
[Result "1/2-1/2"]
[WhiteElo "2435"]
[BlackElo "2316"]
[PlyCount "85"]
[EventDate "2025.03.31"]
[EventType "swiss"]
[EventRounds "11"]
[EventCountry "GRE"]
[SourceTitle "CB16_2025"]
[SourceDate "2025.04.16"]
[SourceVersion "1"]
[SourceVersionDate "2025.04.16"]
[SourceQuality "1"]

1. d4 Nf6 2. c4 e6 3. Nc3 Bb4 4. Qc2 d6 5. e3 Nbd7 6. Bd3 d5 7. Nge2 c6 8. 0-0 0-0 9. Bd2 Bd6 10. cxd5 exd5 11. f3 c5 12. Nb5 Be7 13. dxc5 Bxc5 14. Nbd4 Re8 15. Kh1 a6 16. Ng3 Bxd4 17. exd4 Nf8 18. Qb3 Re6 19. Ne2 Qb6 20. Qa3 a5 21. Rac1 Re8 22. Rc5 Bf5 23. Rb5 Qa6 24. Nf4 Bxd3 25. Qxd3 b6 26. Rb3 Ne6 27. Qxa6 Rxa6 28. Nxe6 Rxe6 29. Re1 Rxe1+ 30. Bxe1 Kf8 31. Bg3 a4 32. Rb5 Ke7 33. Bc7 Kd7 34. Rxb6 Rxb6 35. Bxb6 Kc6 36. Bc5 Kb5 37. b3 axb3 38. axb3 Nd7 39. Bd6 Kc6 40. Ba3 Kb5 41. Bd6 Kc6 42. Ba3 Kb5 43. Bd6 1/2-1/2

[Event "Wch U20 Girls 41st"]
[Site "Petrovac"]
[Date "2025.03.04"]
[Round "8"]
[White "Allahverdiyeva, Ayan"]
[Black "Lu, Miaoyi"]
[Result "1-0"]
[WhiteElo "2284"]
[BlackElo "2432"]
[PlyCount "129"]
[EventDate "2025.02.25"]
[EventType "swiss"]
[EventRounds "11"]
[EventCountry "MNE"]
[SourceTitle "CB11_2025"]
[SourceDate "2025.03.12"]
[SourceVersion "1"]
[SourceVersionDate "2025.03.12"]
[SourceQuality "1"]

1. e4 e5 2. Nf3 Nc6 3. Bb5 Nf6 4. 0-0 Nxe4 5. Re1 Nd6 6. a4 Be7 7. Nxe5 Nxe5 8. Rxe5 Nxb5 9. axb5 0-0 10. d4 c6 11. Nc3 d5 12. bxc6 bxc6 13. Na4 Bd6 14. Re3 f5 15. Nc5 f4 16. Rea3 Qh4 17. f3 Bf5 18. Bd2 Qe7 19. Ra5 Rf6 20. Kh1 Rg6 21. Ra6 Bxc5 22. dxc5 Bxc2 23. Qf1 Qxc5 24. Rc1 Rb8 25. b4 Qb5 26. Qxb5 cxb5 27. Rxa7 Rc8 28. Rd7 Rg5 29. Re1 Bb3 30. Ree7 Rf8 31. Bc3 d4 32. Bxd4 Bf7 33. Bc5 Bc4 34. h4 Rg3 35. Bd4 Bf7 36. Be5 Rg6 37. Bxf4 Re6 38. Bd6 Rxe7 39. Bxe7 Ra8 40. Bc5 Rb8 41. Bd6 Re8 42. Rb7 Bc4 43. h5 h6 44. f4 Re1+ 45. Kh2 Re2 46. Kh3 Re3+ 47. Kh4 Bd5 48. Rb8+ Kh7 49. g4 Bg2 50. g5 g6 51. Be5 gxh5 52. Rh8+ Kg6 53. Rxh6+ Kf7 54. Rf6+ Kg7 55. Kxh5 Bf3+ 56. Kh4 Be4 57. Kg4 Bg2 58. Rh6+ Kf8 59. g6 Bd5 60. Rh7 Bg8 61. Rb7 Bc4 62. g7+ Kg8 63. Rb8+ Kh7 64. Rh8+ Kg6 65. f5+ 1-0

[Event "Wch U20 Girls 41st"]
[Site "Petrovac"]
[Date "2025.02.28"]
[Round "4"]
[White "Zhurova, Anna"]
[Black "Allahverdiyeva, Ayan"]
[Result "1/2-1/2"]
[WhiteElo "2307"]
[BlackElo "2284"]
[PlyCount "167"]
[EventDate "2025.02.25"]
[EventType "swiss"]
[EventRounds "11"]
[EventCountry "MNE"]
[SourceTitle "CB11_2025"]
[SourceDate "2025.03.12"]
[SourceVersion "1"]
[SourceVersionDate "2025.03.12"]
[SourceQuality "1"]

1. e4 c5 2. Nf3 d6 3. d4 cxd4 4. Nxd4 Nf6 5. Nc3 a6 6. Be3 e5 7. Nf3 Qc7 8. a4 Be7 9. Be2 0-0 10. 0-0 Nbd7 11. Nd2 b6 12. Nc4 Rb8 13. f3 Nc5 14. Bf2 Ne6 15. Ne3 Nf4 16. Bc4 Bb7 17. Kh1 Rfc8 18. Bb3 Qd8 19. Qd2 Ba8 20. Nf5 Bf8 21. Rfd1 Ne8 22. Bh4 Qd7 23. Bg3 Ng6 24. Ne3 Be7 25. Nf5 Qd8 26. Qd3 Bb7 27. Nd5 Bf8 28. Bf2 Bxd5 29. Qxd5 Qf6 30. Qd3 Nf4 31. Qxa6 d5 32. c3 dxe4 33. fxe4 Qg6 34. Qf1 Nf6 35. Nd6 Bxd6 36. Rxd6 Qxe4 37. Bg3 Qf5 38. Bxf4 exf4 39. Rd4 Ne4 40. Qf3 Re8 41. Kg1 Rbd8 42. Re1 Nc5 43. Rxd8 Rxd8 44. Qc6 Rf8 45. Bc4 g6 46. b4 Rc8 47. Qb5 f3 48. gxf3 Qxf3 49. Re8+ Rxe8 50. Qxe8+ Kg7 51. Qe5+ Kg8 52. Be2 Qe4 53. Qxe4 Nxe4 54. a5 bxa5 55. bxa5 Nxc3 56. a6 Nd5 57. a7 Nc7 58. Bf3 Kf8 59. Kf2 Ke7 60. Ke3 Kd6 61. Kf4 f6 62. Bb7 Kc5 63. Ke4 Kb6 64. a8Q Nxa8 65. Bxa8 Kc5 66. Bd5 Kd6 67. Kd4 Ke7 68. Bc4 Kf8 69. Kd5 Kg7 70. Ke6 h5 71. Be2 h4 72. Bg4 f5 73. Bh3 g5 74. Kxf5 g4 75. Kxg4 Kh8 76. Kg5 Kg7 77. Kf5 Kh8 78. Kf6 Kg8 79. Kg6 Kh8 80. Kh6 Kg8 81. Be6+ Kh8 82. Bf5 Kg8 83. h3 Kh8 84. Bh7 1/2-1/2

[Event "Titled Tuesday intern op 11th Feb Early"]
[Site "Chess.com INT"]
[Date "2025.02.11"]
[Round "1"]
[White "Allahverdiyeva, Ayan"]
[Black "Klimchuk, Andriy"]
[Result "0-1"]
[WhiteElo "2284"]
[BlackElo "2405"]
[PlyCount "62"]
[EventDate "2025.02.11"]
[EventType "swiss (blitz)"]
[EventRounds "11"]
[EventCountry "USA"]
[SourceTitle "CB08_2025"]
[SourceDate "2025.02.19"]
[SourceVersion "1"]
[SourceVersionDate "2025.02.19"]
[SourceQuality "1"]

1. e4 c5 2. Nf3 Nc6 3. Bb5 Nf6 4. Bxc6 dxc6 5. e5 Nd5 6. d3 Bf5 7. 0-0 e6 8. Bg5 f6 9. Bd2 Bg4 10. h3 Bh5 11. Re1 Qd7 12. a4 0-0-0 13. a5 Be7 14. Na3 f5 15. Nc4 Rhg8 16. a6 b6 17. Bc3 Rdf8 18. Nd6+ Kb8 19. d4 cxd4 20. Bxd4 g5 21. Qd3 g4 22. hxg4 Rxg4 23. Nh2 Rxg2+ 24. Kxg2 Nf4+ 25. Kf1 Nxd3 26. cxd3 c5 27. Be3 f4 28. Bd2 Qc6 29. f3 Bxf3 30. Ne4 Bxe4 31. Rxe4 Qd5 0-1

[Event "Titled Tuesday intern op 11th Feb Early"]
[Site "Chess.com INT"]
[Date "2025.02.11"]
[Round "9"]
[White "Paduano, Claudio"]
[Black "Allahverdiyeva, Ayan"]
[Result "1-0"]
[WhiteElo "2256"]
[BlackElo "2284"]
[PlyCount "53"]
[EventDate "2025.02.11"]
[EventType "swiss (blitz)"]
[EventRounds "11"]
[EventCountry "USA"]
[SourceTitle "CB09_2025"]
[SourceDate "2025.02.27"]
[SourceVersion "1"]
[SourceVersionDate "2025.02.27"]
[SourceQuality "1"]

1. d4 Nf6 2. c4 e6 3. Nf3 d5 4. Nc3 Be7 5. Bg5 h6 6. Bh4 0-0 7. e3 dxc4 8. Bxc4 c5 9. 0-0 cxd4 10. exd4 Nc6 11. Re1 Nh5 12. Bxe7 Nxe7 13. Ne5 Nf6 14. Re3 Nf5 15. Rd3 Nd5 16. Nxd5 exd5 17. Bb3 Be6 18. Qh5 Qb6 19. Rad1 Qd6 20. Bc2 Rac8 21. Bb1 Qb4 22. Rb3 Qxd4 23. Rxd4 Nxd4 24. Rd3 Rc1+ 25. Rd1 Rfc8 26. h3 g6 27. Nxg6 1-0

[Event "Titled Tuesday intern op 11th Feb Early"]
[Site "Chess.com INT"]
[Date "2025.02.11"]
[Round "2"]
[White "Rustamov, Rustam"]
[Black "Allahverdiyeva, Ayan"]
[Result "1-0"]
[WhiteElo "2301"]
[BlackElo "2284"]
[PlyCount "85"]
[EventDate "2025.02.11"]
[EventType "swiss (blitz)"]
[EventRounds "11"]
[EventCountry "USA"]
[SourceTitle "CB08_2025"]
[SourceDate "2025.02.19"]
[SourceVersion "1"]
[SourceVersionDate "2025.02.19"]
[SourceQuality "1"]

1. e4 c5 2. Nf3 d6 3. d4 cxd4 4. Nxd4 Nf6 5. Nc3 a6 6. a3 e5 7. Nf5 d5 8. Bg5 d4 9. Bxf6 gxf6 10. Nb1 Nc6 11. Nd2 Be6 12. Bc4 Qd7 13. 0-0 Na5 14. Bd3 h5 15. b4 Nc6 16. Rb1 b5 17. Qe2 Ne7 18. f4 Ng6 19. fxe5 fxe5 20. a4 Rb8 21. axb5 axb5 22. Qf2 h4 23. Nf3 Qc7 24. Ra1 Bxb4 25. Ng7+ Kd7 26. Rab1 Bf8 27. Nxe6 fxe6 28. Bxb5+ Rxb5 29. Rxb5 Bh6 30. Re1 Rc8 31. Nxe5+ Nxe5 32. Qxd4+ Qd6 33. Qxd6+ Kxd6 34. Rd1+ Ke7 35. Rxe5 Be3+ 36. Kh1 Rxc2 37. Rh5 Bf2 38. e5 Kf7 39. Rh6 Kg7 40. Rxe6 h3 41. gxh3 Be3 42. Rf6 Bg5 43. Rg1 1-0

[Event "Sitges Sunway op-A 11th"]
[Site "Sitges"]
[Date "2024.12.22"]
[Round "10"]
[White "Allahverdiyeva, Ayan"]
[Black "Alinasab, Mobina"]
[Result "0-1"]
[WhiteElo "2194"]
[BlackElo "2330"]
[PlyCount "158"]
[EventDate "2024.12.12"]
[EventType "swiss"]
[EventRounds "10"]
[EventCountry "ESP"]
[SourceTitle "CB52_2024"]
[SourceDate "2024.12.25"]
[SourceVersion "1"]
[SourceVersionDate "2024.12.25"]
[SourceQuality "1"]

1. e4 c5 2. Nf3 a6 3. c3 d5 4. exd5 Qxd5 5. Na3 Nf6 6. Be2 Qd8 7. Nc4 Nc6 8. a4 e6 9. 0-0 Be7 10. a5 Nd5 11. Re1 0-0 12. d3 Qc7 13. Qb3 Rb8 14. Nb6 Nxa5 15. Rxa5 Nxb6 16. Bf1 Nd5 17. Ra4 b5 18. Rg4 f6 19. d4 c4 20. Qc2 Rf7 21. h4 Bd7 22. h5 Kh8 23. Rg3 Bd6 24. Rh3 Re8 25. g3 Kg8 26. Rh4 Bc6 27. Bg2 Rfe7 28. Nd2 f5 29. Nf3 Nf6 30. Ne5 Bxg2 31. Kxg2 Bxe5 32. Rxe5 h6 33. Kg1 Qb7 34. b3 Nd7 35. Re1 cxb3 36. Qxb3 Qd5 37. Qc2 Rc8 38. Ba3 Rf7 39. Rf4 Nf6 40. Re5 Qd7 41. Bc5 Nxh5 42. Rf3 Nf6 43. Qa2 Rc6 44. c4 bxc4 45. Qxc4 Kh7 46. Ra3 Ne4 47. Qa2 Qc8 48. Kg2 Nxc5 49. dxc5 Rfc7 50. Rae3 Rxc5 51. Rxe6 Qb7+ 52. Kg1 Rc1+ 53. Re1 R7c2 54. Qa3 Qb1 55. Kf1 Qb5+ 56. Kg1 Rxe1+ 57. Rxe1 Qc5 58. Qf3 Rc1 59. Rxc1 Qxc1+ 60. Kh2 Qc2 61. Kg1 a5 62. Qa8 a4 63. Qa5 Qb1+ 64. Kh2 Qe4 65. Qc3 Qa8 66. Qa3 Qa7 67. Kg1 Qa5 68. Kg2 Qd5+ 69. Kh2 Qb3 70. Qc5 Qf3 71. Kg1 a3 72. Qa5 Qd3 73. Kh2 h5 74. Kg2 Qe4+ 75. Kh2 Qf3 76. Kg1 h4 77. gxh4 Kg6 78. Qd8 Qg4+ 79. Kf1 a2 0-1

[Event "Sitges Sunway op-A 11th"]
[Site "Sitges"]
[Date "2024.12.21"]
[Round "9"]
[White "Allahverdiyeva, Ayan"]
[Black "Shamatava, Nikolozi"]
[Result "1-0"]
[WhiteElo "2194"]
[BlackElo "2334"]
[PlyCount "105"]
[EventDate "2024.12.12"]
[EventType "swiss"]
[EventRounds "10"]
[EventCountry "ESP"]
[SourceTitle "CB52_2024"]
[SourceDate "2024.12.25"]
[SourceVersion "1"]
[SourceVersionDate "2024.12.25"]
[SourceQuality "1"]

1. e4 c6 2. d4 d5 3. e5 Bf5 4. h4 h5 5. Bd3 Bxd3 6. Qxd3 Qa5+ 7. c3 e6 8. a4 Qa6 9. Qg3 Ne7 10. b4 Nf5 11. Qf3 Nd7 12. Ne2 0-0-0 13. Ng3 Nxg3 14. Qxg3 f6 15. f4 fxe5 16. fxe5 Be7 17. Nd2 g5 18. hxg5 Rdg8 19. Nf1 Nf8 20. Ra2 Qc4 21. Rb2 h4 22. Qf3 Bxg5 23. Bxg5 Rxg5 24. Rxh4 Rf5 25. Nd2 Rxh4 26. Nxc4 Rxf3 27. Nd6+ Kc7 28. gxf3 Rh1+ 29. Kd2 Rh2+ 30. Kc1 Rh1+ 31. Kc2 Ng6 32. Kd3 Rd1+ 33. Ke3 Rc1 34. Rg2 Rxc3+ 35. Kd2 Rd3+ 36. Kc2 Nf4 37. Rg7+ Kd8 38. Nxb7+ Kc8 39. Nd6+ Kd8 40. Rxa7 Rxd4 41. Rb7 Rd3 42. Rf7 Rd4 43. a5 Rxb4 44. a6 Ra4 45. a7 Ng6 46. f4 c5 47. Rb7 Nxf4 48. Rb8+ Kd7 49. a8Q Rxa8 50. Rxa8 Ng6 51. Ra7+ Kc6 52. Ra6+ Kd7 53. Nb7 1-0

[Event "Sitges Sunway op-A 11th"]
[Site "Sitges"]
[Date "2024.12.13"]
[Round "2"]
[White "Allahverdiyeva, Ayan"]
[Black "Girel, Joseph"]
[Result "1-0"]
[WhiteElo "2194"]
[BlackElo "2494"]
[PlyCount "119"]
[EventDate "2024.12.12"]
[EventType "swiss"]
[EventRounds "10"]
[EventCountry "ESP"]
[SourceTitle "CB52_2024"]
[SourceDate "2024.12.25"]
[SourceVersion "1"]
[SourceVersionDate "2024.12.25"]
[SourceQuality "1"]

1. e4 e6 2. d4 d5 3. e5 c5 4. c3 Nc6 5. Nf3 Nge7 6. Na3 Bd7 7. Nc2 Qa5 8. Bd2 Qb6 9. Rb1 Nf5 10. g4 Nfe7 11. Rg1 cxd4 12. cxd4 Na5 13. Ne3 Rc8 14. b3 Bb5 15. b4 Nc4 16. a4 Nxe3 17. Bxb5+ Qxb5 18. fxe3 Qd3 19. Rb3 Qe4 20. Qe2 Rc4 21. b5 Qc2 22. Qd3 Qxd3 23. Rxd3 Rxa4 24. Rc3 Ra1+ 25. Kf2 Rxg1 26. Kxg1 Kd7 27. Ng5 f6 28. Nf7 Rg8 29. Nd6 b6 30. Rc1 fxe5 31. Nf7 Ng6 32. Ra1 exd4 33. Rxa7+ Ke8 34. exd4 h6 35. Be3 Be7 36. Ne5 Nxe5 37. dxe5 Kf7 38. Bxb6 Rc8 39. Kg2 Rc2+ 40. Kf3 Ke8 41. Bd4 Rd2 42. b6 Rxd4 43. Ra8+ Kf7 44. b7 Rb4 45. b8Q Rxb8 46. Rxb8 Bc5 47. Rb7+ Kf8 48. h4 Bd4 49. Kf4 Bc3 50. g5 Bd2+ 51. Kg4 hxg5 52. hxg5 Bc3 53. Rb3 Bxe5 54. Re3 Bc7 55. Rxe6 d4 56. g6 d3 57. Kf3 d2 58. Ke2 Bf4 59. Re4 Bh6 60. Re5 1-0

[Event "Sant Boi de Llobregat op 5th"]
[Site "Sant Boi de Llobregat"]
[Date "2024.12.03"]
[Round "5"]
[White "Kenneskog, Theodor"]
[Black "Allahverdiyeva, Ayan"]
[Result "0-1"]
[WhiteElo "2275"]
[BlackElo "2174"]
[PlyCount "70"]
[EventDate "2024.11.29"]
[EventType "swiss"]
[EventRounds "10"]
[EventCountry "ESP"]
[SourceTitle "CB50_2024"]
[SourceDate "2024.11.01"]
[SourceVersion "1"]
[SourceVersionDate "2024.11.01"]
[SourceQuality "2"]

1. e4 c5 2. Nf3 d6 3. d4 cxd4 4. Nxd4 Nf6 5. Nc3 a6 6. h3 e5 7. Nf3 Be7 8. g4 h6 9. Rg1 Qc7 10. g5 hxg5 11. Nxg5 Be6 12. Nxe6 fxe6 13. Rxg7 Nc6 14. Qf3 Nd4 15. Qd3 Nh5 16. Rg2 0-0-0 17. Be2 d5 18. exd5 exd5 19. Bg4+ Kb8 20. Bd2 b5 21. 0-0-0 b4 22. Na4 Qc6 23. b3 Bf6 24. Be3 Nb5 25. Bxh5 Rxh5 26. Rg6 e4 27. Qd2 Rc8 28. Nc5 Ka8 29. Qxb4 Nc3 30. Qa5 d4 31. Bxd4 Ne2+ 32. Kb1 Nxd4 33. b4 Ne2 34. Rd7 Rxc5 35. Rxf6 Qxf6 0-1

[Event "EU-ch 24th"]
[Site "Petrovac"]
[Date "2024.11.16"]
[Round "8"]
[White "Fruebing, Stefan"]
[Black "Allahverdiyeva, Ayan"]
[Result "1/2-1/2"]
[WhiteElo "2336"]
[BlackElo "2174"]
[PlyCount "227"]
[EventDate "2024.11.08"]
[EventType "swiss"]
[EventRounds "11"]
[EventCountry "MNE"]
[SourceTitle "CB47_2024"]
[SourceDate "2024.11.20"]
[SourceVersion "1"]
[SourceVersionDate "2024.11.20"]
[SourceQuality "1"]

1. e4 c5 2. Nf3 d6 3. Bb5+ Nd7 4. 0-0 a6 5. Bd3 Ngf6 6. Re1 e6 7. Bf1 b6 8. d4 cxd4 9. Nxd4 Bb7 10. f3 Be7 11. c4 0-0 12. Be3 Rc8 13. Qd2 Ne5 14. b3 h5 15. Nc3 h4 16. h3 Ng6 17. Rad1 Qc7 18. Na4 Nh5 19. Rc1 Rb8 20. Qf2 Ba8 21. Red1 Bd8 22. Bd3 Nhf4 23. Ne2 Nxd3 24. Rxd3 Qc6 25. Nf4 Nxf4 26. Bxf4 Be7 27. Qd2 Rfd8 28. Bg5 Qb7 29. Bxe7 Qxe7 30. Rd1 b5 31. cxb5 axb5 32. Nc3 b4 33. Ne2 Rb6 34. e5 Bd5 35. exd6 Rdxd6 36. Nf4 Rb5 37. Qe1 Qa7+ 38. Kh1 Qxa2 39. Qxh4 Qa5 40. Qe7 Qd8 41. Nxd5 exd5 42. Qe5 Qd7 43. Rd4 Re6 44. Qf4 Qd6 45. Qd2 Re8 46. Qd3 Qc5 47. Qf5 Qd6 48. Rh4 g6 49. Qd3 Qc5 50. Rd4 Ra5 51. Qd2 Rb5 52. Rc1 Qd6 53. Re1 Rc8 54. Rde4 Qc6 55. Rxb4 Rxb4 56. Qxb4 Qc2 57. Qb5 Qd2 58. Re8+ Rxe8 59. Qxe8+ Kg7 60. Qe5+ Kg8 61. b4 d4 62. b5 Qb4 63. Qd5 Qc3 64. Kh2 Qc7+ 65. Kg1 Qc1+ 66. Kf2 Qe3+ 67. Kg3 d3 68. b6 Qxb6 69. Qxd3 Qb2 70. Qe4 Qc3 71. Qf4 Qe1+ 72. Kh2 Qf2 73. Qf6 Qa2 74. Qe5 Qf2 75. Qf6 Qa2 76. Kg3 Qc4 77. Qe5 Qb4 78. f4 Qd2 79. Qe8+ Kg7 80. Qe4 Kg8 81. Qf3 Qd7 82. Qe3 Qc8 83. Qd3 Qe6 84. Qd8+ Kg7 85. Qd4+ Kg8 86. Kf3 Qc6+ 87. Kf2 Qc2+ 88. Kg3 Qc6 89. h4 Qb5 90. Qe5 Qd3+ 91. Kh2 Kh7 92. Qg5 Qe2 93. Qf6 Qc4 94. Kg3 Qd3+ 95. Kf2 Qd2+ 96. Kf3 Qd3+ 97. Kg4 Qd1+ 98. Kg3 Qd3+ 99. Kh2 Qd7 100. Qe5 Qg4 101. Qg5 Qe2 102. Qd5 Qe7 103. Kh3 Kg8 104. h5 Qe3+ 105. g3 gxh5 106. Qxh5 Qc1 107. Qd5 Kg7 108. Kg4 Qa3 109. Qd4+ Kh7 110. f5 Qa6 111. f6 Kg6 112. Qe4+ Kxf6 113. Qf5+ Ke7 114. Qc5+ 1/2-1/2